000 00302nam a22001337a 4500
008 170412b xxu||||| |||| 00| 0 eng d
020 _a9781932328042
041 _aeng
080 _23ED
_a618
100 _a10
101 _aSHM
245 _aPRIMARY AND PREVENTIVE CARE
_cNOLAN.TH.E
942 _2udc
_cBK
999 _c10460
_d10460